Statistiche per Maggior numero di Punti in Formula 1

Clicka qui per fare il quiz!

Statistiche generali

  • Questo quiz è stato fatto 62 volte
  • Il punteggio medio è 12 su 14

Statistiche sulle risposte

NazionePuntiPilota% Corretto
Regno Unito4 606,5Lewis Hamilton
100%
Germania3 098Sebastian Vettel
100%
Monaco1 019Charles Leclerc
96%
Finlandia1 873Kimi Räikkönen
96%
Paesi Bassi2 477,5Max Verstappen
96%
Spagna2 244Fernando Alonso
94%
Germania1 566Michael Schumacher
94%
Messico1 441Sergio Pérez
93%
Australia1 311Daniel Ricciardo
91%
Finlandia1 797Valtteri Bottas
74%
Brasile1 167Felipe Massa
70%
Germania1 594,5Nico Rosberg
69%
Regno Unito1 235Jenson Button
63%
Australia1 047,5Mark Webber
50%

Distribuzione punteggi

Percentile per numero di risposta

Percentuale di utenti per punteggio

I tuoi punteggi nel tempo

Non hai fatto questo quiz